[Event "AUT-ch U08"]
[Site "St Kanzian"]
[Date "2019.06.23"]
[Round "7"]
[White "Ljubic, Marin"]
[Black "Hase, Emil Anton"]
[Result "0-1"]
[WhiteElo "1005"]
[BlackElo "892"]
[PlyCount "40"]
[EventDate "2019.06.21"]
[EventType "swiss"]
[EventRounds "7"]
[EventCountry "AUT"]
[SourceTitle "CBM 191 Extra"]
[Source "ChessBase"]
[SourceDate "2019.09.30"]
[SourceVersion "1"]
[SourceVersionDate "2019.09.30"]
[SourceQuality "1"]

1. e4 e5 2. Nf3 Nc6 3. Bc4 Nf6 4. Ng5 d5 5. exd5 Nxd5 6. 0-0 Bc5 7. Re1 0-0 8. d3 f6 9. Ne4 b6 10. Nbc3 Be6 11. Be3 Bxe3 12. fxe3 f5 13. Nf2 f4 14. exf4 Rxf4 15. Bb5 Nxc3 16. Qd2 Nxb5 17. Nh3 Bxh3 18. gxh3 Qg5+ 19. Kh1 Rf1+ 20. Rxf1 Qxd2 0-1

[Event "AUT-ch U08"]
[Site "St Kanzian"]
[Date "2019.06.21"]
[Round "2"]
[White "Zangger, Felix Cosmo"]
[Black "Hase, Emil Anton"]
[Result "1-0"]
[WhiteElo "1056"]
[BlackElo "892"]
[PlyCount "39"]
[EventDate "2019.06.21"]
[EventType "swiss"]
[EventRounds "7"]
[EventCountry "AUT"]
[SourceTitle "CBM 191 Extra"]
[Source "ChessBase"]
[SourceDate "2019.09.30"]
[SourceVersion "1"]
[SourceVersionDate "2019.09.30"]
[SourceQuality "1"]

1. e4 e5 2. Nf3 Nc6 3. Nc3 Nf6 4. Bb5 Bb4 5. d3 0-0 6. a3 Bxc3+ 7. bxc3 Ne7 8. 0-0 c6 9. Bc4 d5 10. Bb3 dxe4 11. dxe4 Nxe4 12. Nxe5 Bg4 13. Nxg4 Qxd1 14. Rxd1 Rad8 15. Re1 g6 16. Bg5 Rd7 17. Rxe4 Rfd8 18. Nf6+ Kg7 19. Nxd7 Rxd7 20. Bxe7 1-0